Welcome to CU Library Online Public Access Catalogue (OPAC)

Respiratory Nursing Care/ (Record no. 3700)

MARC details
000 -LEADER
fixed length control field 00462nam a22001577a 4500
005 - DATE AND TIME OF LATEST TRANSACTION
control field 20250208190140.0
008 - FIXED-LENGTH DATA ELEMENTS--GENERAL INFORMATION
fixed length control field 250208b |||||||| |||| 00| 0 eng d
020 ## - INTERNATIONAL STANDARD BOOK NUMBER
International Standard Book Number 8171797873
050 ## - LIBRARY OF CONGRESS CALL NUMBER
Classification number RC735.5 CHO
100 ## - MAIN ENTRY--PERSONAL NAME
Personal name Chowdhury, Sunanda S. Roy
245 ## - TITLE STATEMENT
Title Respiratory Nursing Care/
Statement of responsibility, etc. Sunanda S. Roy Chowdhury
260 ## - PUBLICATION, DISTRIBUTION, ETC.
Place of publication, distribution, etc. New Delhi
Name of publisher, distributor, etc. Jaypee Brothers Medical Publishers
Date of publication, distribution, etc. 2000
300 ## - PHYSICAL DESCRIPTION
Extent 138p.
Other physical details ill.
Dimensions 21.5cm
500 ## - GENERAL NOTE
General note includes index
942 ## - ADDED ENTRY ELEMENTS (KOHA)
Source of classification or shelving scheme Library of Congress Classification
Koha item type Books
Suppress in OPAC No
999 ## -
-- 3700
-- 3700
Holdings
Withdrawn status Lost status Source of classification or shelving scheme Damaged status Not for loan Collection Home library Current library Shelving location Date acquired Total checkouts Full call number Barcode Date last seen Copy number Price effective from Koha item type
    Library of Congress Classification     Non-fiction Science Library (Miotso) Science Library (Miotso) General stacks 02/08/2025   RC735.5 CHO SLM00003268 02/08/2025 1 02/08/2025 Books
    Library of Congress Classification     Non-fiction Science Library (Miotso) Science Library (Miotso) General stacks 02/08/2025   RC735.5 CHO SLM00003269 02/08/2025 2 02/08/2025 Books
    Library of Congress Classification     Non-fiction Science Library (Miotso) Science Library (Miotso) General stacks 02/08/2025   RC735.5 CHO SLM00003270 02/08/2025 3 02/08/2025 Books
    Library of Congress Classification     Non-fiction Science Library (Miotso) Science Library (Miotso) General stacks 02/08/2025   RC735.5 CHO SLM00003271 02/08/2025 4 02/08/2025 Books
    Library of Congress Classification     Non-fiction Science Library (Miotso) Science Library (Miotso) General stacks 02/08/2025   RC735.5 CHO SLM00003272 02/08/2025 5 02/08/2025 Books
    Library of Congress Classification     Non-fiction Science Library (Miotso) Science Library (Miotso) General stacks 02/08/2025   RC735.5 CHO SLM00003273 02/08/2025 6 02/08/2025 Books
    Library of Congress Classification     Non-fiction Science Library (Miotso) Science Library (Miotso) General stacks 02/08/2025   RC735.5 CHO SLM00003274 02/08/2025 7 02/08/2025 Books
    Library of Congress Classification     Non-fiction Science Library (Miotso) Science Library (Miotso) General stacks 02/08/2025   RC735.5 CHO SLM00003275 02/08/2025 8 02/08/2025 Books
© 2023-2024 Copyright: Central University Libraries. All Rights Reserved | Created by: Mahone Tech Office